[Event "AUTO-OPEN-606"]
[Site "http://www.queenalice.com/game.php?id=334004"]
[Date "2008.1.10"]
[Round "2"]
[White "ErnestoFonseca"]
[Black "benamocarra"]
[Result "0-1"]
[WhiteElo "1555"]
[BlackElo "2258"]

1. e4 d5 2. exd5 Nf6 3. Bb5+ Bd7 4. Bc4 b5 5. Bb3 Bg4 6. f3 Bc8 7. a4 b4 8. Qe2
Nxd5 9. d3 e6 10. Bxd5 Qxd5 0-1

[Event "AUTO-MASTER-369"]
[Site "http://www.queenalice.com/game.php?id=343214"]
[Date "2008.1.26"]
[Round "2"]
[White "aquiles88"]
[Black "benamocarra"]
[Result "0-1"]
[WhiteElo "2132"]
[BlackElo "2304"]

1. e4 d5 2. exd5 Nf6 3. Bb5+ Bd7 4. Bc4 b5 5. Bb3 Bg4 6. f3 Bc8 7. a4 b4 8. c4
c6 9. dxc6 Nxc6 10. Ne2 e5 11. d3 Bc5 12. Ng3 Qd4 13. Qe2 O-O 14. Nd2 Rd8 15.
Bc2 Qh4 16. Nb3 Nd4 17. Nxd4 Bxd4 18. Ra2 Rb8 19. b3 Nh5 20. Qe4 Nf4 21. Kf1 Bb7
22. Qf5 g6 23. Qg4 Qxg4 24. fxg4 Bxg2+ 25. Ke1 Bxh1 26. Nxh1 Bc3+ 27. Kf2 Nxd3+
28. Bxd3 Rxd3 29. Be3 Bd4 30. Bxd4 exd4 31. Rb2 Re8 32. Ng3 Ree3 33. c5 Rxb3 34.
Rxb3 Rxb3 35. Ne4 Rc3 36. Nxc3 dxc3 37. Ke3 Kf8 0-1

[Event "AUTO-MASTER-369"]
[Site "http://www.queenalice.com/game.php?id=343218"]
[Date "2008.1.26"]
[Round "2"]
[White "Plis"]
[Black "benamocarra"]
[Result "1/2-1/2"]
[WhiteElo "2268"]
[BlackElo "2267"]

1. d4 d5 2. c4 Nc6 3. cxd5 Qxd5 4. e3 e5 5. Nc3 Bb4 6. Bd2 Bxc3 7. Bxc3 exd4 8.
Ne2 Nf6 9. Nxd4 Nxd4 10. Qxd4 Be6 11. Be2 Qxd4 12. Bxd4 O-O-O 13. O-O Rd5 14.
Rfc1 Rhd8 15. Bf3 Ra5 16. a3 Rd7 17. b4 Ra6 18. Be2 Rad6 19. Bb5 c6 20. Bxa7 Ne4
21. f3 Nd2 1/2-1/2

[Event "AUTO-MASTER-369"]
[Site "http://www.queenalice.com/game.php?id=343219"]
[Date "2008.1.26"]
[Round "2"]
[White "benamocarra"]
[Black "Plis"]
[Result "1/2-1/2"]
[WhiteElo "2267"]
[BlackElo "2268"]

1. e4 c5 2. Nc3 d6 3. f4 Nc6 4. Nf3 g6 5. d3 Bg7 6. Be2 Bd7 7. O-O Nh6 8. Qe1 f5
9. e5 O-O 10. Qh4 dxe5 11. fxe5 Nf7 12. Be3 b6 13. Ng5 Nxg5 14. Bxg5 Qc7 15.
Rae1 Qxe5 16. Kh1 Qd4 17. Rf4 Qd6 18. Nb5 Qb8 19. Rff1 a6 20. Nc3 e6 21. Bf3
1/2-1/2

[Event "AUTO-MASTER-369"]
[Site "http://www.queenalice.com/game.php?id=343220"]
[Date "2008.1.26"]
[Round "2"]
[White "Dogeval"]
[Black "benamocarra"]
[Result "1/2-1/2"]
[WhiteElo "2338"]
[BlackElo "2258"]

1. d4 d5 2. c4 Nc6 3. cxd5 Qxd5 4. e3 e5 5. Nc3 Bb4 6. Bd2 Bxc3 7. Bxc3 exd4 8.
Ne2 Bg4 9. Bxd4 O-O-O 10. f3 Be6 11. Bc3 Nge7 12. Qc1 Qd6 13. Nd4 Nxd4 14. Bxd4
Nf5 15. Bc5 Qe5 16. e4 Nd4 17. Qc3 Rd7 18. Bxa7 f5 19. Bxd4 Qxd4 20. Qxd4 Rxd4
21. Rd1 Rb4 1/2-1/2

[Event "AUTO-MASTER-369"]
[Site "http://www.queenalice.com/game.php?id=343221"]
[Date "2008.1.26"]
[Round "2"]
[White "benamocarra"]
[Black "Dogeval"]
[Result "1/2-1/2"]
[WhiteElo "2255"]
[BlackElo "2341"]

1. e4 e6 2. Nc3 d5 3. Nf3 d4 4. Ne2 Nc6 5. c3 Nf6 6. Nexd4 Nxd4 7. Nxd4 Nxe4 8.
Qf3 Nf6 9. Bb5+ Nd7 10. O-O c6 11. Be2 Qh4 12. Qe3 Bc5 13. Nf3 Bxe3 14. Nxh4 Bf4
15. d4 Bd6 16. Nf3 O-O 17. Re1 b6 18. Nd2 Bc7 19. Bf3 1/2-1/2

[Event "AUTO-MASTER-332"]
[Site "http://www.queenalice.com/game.php?id=349592"]
[Date "2008.2.6"]
[Round "2"]
[White "Mirok"]
[Black "benamocarra"]
[Result "1/2-1/2"]
[WhiteElo "2280"]
[BlackElo "2261"]

1. e4 d5 2. exd5 Nf6 3. d4 Bg4 4. Nf3 Nxd5 5. Be2 Nc6 6. O-O e6 7. c4 Nf6 8. Be3
Be7 9. Nc3 O-O 10. Re1 a6 11. Rc1 Re8 12. h3 Bh5 13. Ne5 Bxe2 14. Rxe2 Qd6 15.
f4 Qd8 1/2-1/2

[Event "AUTO-MASTER-332"]
[Site "http://www.queenalice.com/game.php?id=349593"]
[Date "2008.2.6"]
[Round "2"]
[White "benamocarra"]
[Black "Mirok"]
[Result "1/2-1/2"]
[WhiteElo "2260"]
[BlackElo "2281"]

1. e4 c5 2. Nc3 Nc6 3. f4 g6 4. Nf3 Bg7 5. d3 d6 6. Be2 e6 7. O-O Nge7 8. Qe1
O-O 9. Qg3 b6 10. Nd1 Qc7 11. c3 Bb7 12. Ne3 f5 13. Ng5 Nd8 14. exf5 exf5 15.
Bd2 Qd7 16. Rae1 Ne6 17. Nxe6 1/2-1/2

[Event "AUTO-MASTER-332"]
[Site "http://www.queenalice.com/game.php?id=349594"]
[Date "2008.2.6"]
[Round "2"]
[White "Bob_Fischer"]
[Black "benamocarra"]
[Result "1-0"]
[WhiteElo "2364"]
[BlackElo "2313"]

1. d4 d5 2. c4 Nc6 3. cxd5 Qxd5 4. Nf3 e5 5. Nc3 Bb4 6. Bd2 Bxc3 7. Bxc3 e4 8.
Ne5 Nxe5 9. dxe5 Ne7 10. e3 O-O 11. Be2 Bf5 12. O-O Rfd8 13. Qa4 Qe6 14. Bc4 Qg6
15. Rfd1 Bh3 16. Bf1 Re8 17. Qb5 b6 18. Qc4 c6 19. Rd6 Be6 20. Qa4 Qf5 21. Rad1
Bd5 22. h3 b5 23. Qa6 h6 24. Be2 Qg5 25. Bg4 Kh8 26. a4 bxa4 27. Qxa4 a6 28. Bd7
Reb8 29. Rd4 Bb3 30. Qa5 Bd5 31. e6 f5 32. Qc7 Kh7 33. Rd2 Rg8 34. g3 Rab8 35.
Kh2 Ra8 36. Qa5 Rab8 37. Qxa6 Ra8 38. Qe2 Rgb8 39. Be5 Rb7 40. Qd1 Ra5 41. b4
Rxb4 42. Bc3 Rbb5 43. h4 Qg6 44. h5 Qg5 45. Bxa5 Rxa5 46. Be8 Ra8 47. Bf7 Rf8
48. Kg2 Qf6 49. Qb1 f4 50. exf4 Rxf7 51. exf7 Qxf7 52. Rd7 Qe6 53. Qb7 Nf5 54.
R2xd5 cxd5 55. Qxd5 Qxd5 56. Rxd5 Ne7 57. Re5 Nc8 58. Rxe4 Nd6 59. f3 Kg8 60.
Re7 Kf8 61. Ra7 Nb5 62. Rd7 Nc3 63. Kh3 Kg8 64. Kg4 Kh7 65. f5 Kg8 66. f6 gxf6
67. Kf5 Kf8 68. Kxf6 Ke8 69. Rh7 Nb5 70. Rxh6 1-0

[Event "AUTO-MASTER-332"]
[Site "http://www.queenalice.com/game.php?id=349595"]
[Date "2008.2.6"]
[Round "2"]
[White "benamocarra"]
[Black "Bob_Fischer"]
[Result "1/2-1/2"]
[WhiteElo "2304"]
[BlackElo "2317"]

1. e4 c5 2. Nc3 Nc6 3. f4 g6 4. Nf3 Bg7 5. d3 d6 6. Be2 Nf6 7. O-O O-O 8. Qe1
Bd7 9. Qh4 Nd4 10. Nxd4 cxd4 11. Nb1 Rc8 12. Bd1 Rc5 13. Na3 Qa5 14. Rb1 Qb4 15.
g4 Ra5 16. Ra1 Qc5 17. f5 Nxe4 18. Qxe7 Bc6 19. fxg6 hxg6 20. Nc4 Ra6 21. h4 b5
22. Nd2 Nxd2 23. Bxd2 Qe5 24. Qxe5 dxe5 25. h5 gxh5 26. gxh5 e4 27. h6 Be5 28.
Bf4 Bxf4 29. Rxf4 f5 30. dxe4 Bxe4 31. Bf3 Rc8 32. Bxe4 fxe4 33. Rxe4 Rxc2 34.
Rxd4 Rg6+ 35. Kf1 Rxh6 36. Rg4+ Kf7 37. b4 Rh1+ 38. Rg1 Rhh2 39. a3 Rcf2+ 40.
Ke1 Re2+ 41. Kd1 Rb2 42. Kc1 a6 43. a4 Rxb4 1/2-1/2

[Event "AUTO-OPEN-797"]
[Site "http://www.queenalice.com/game.php?id=351897"]
[Date "2008.2.10"]
[Round "2"]
[White "benamocarra"]
[Black "Brodthuhn"]
[Result "1/2-1/2"]
[WhiteElo "2283"]
[BlackElo "2382"]

1. e4 e5 2. f4 exf4 3. Bc4 Nf6 4. Nc3 c6 5. d4 Bb4 6. e5 Ne4 7. Qh5 d5 8. exd6
O-O 9. Ne2 Nxd6 10. Bd3 Nf5 11. O-O g6 12. Qf3 Nxd4 13. Qxf4 Bc5 14. Kh1 Bf5 15.
Nxd4 Bxd3 16. Nxc6 Nxc6 17. cxd3 Qxd3 18. Ne4 1/2-1/2

[Event "AUTO-OPEN-797"]
[Site "http://www.queenalice.com/game.php?id=351898"]
[Date "2008.2.10"]
[Round "2"]
[White "Brodthuhn"]
[Black "benamocarra"]
[Result "1/2-1/2"]
[WhiteElo "2400"]
[BlackElo "2295"]

1. d4 d5 2. c4 Nc6 3. Nf3 e5 4. Nxe5 Nxe5 5. dxe5 d4 6. g3 Ne7 7. Bg2 Nc6 8.
Bxc6+ bxc6 9. Qd3 Bb4+ 10. Nd2 f6 11. exf6 Qxf6 12. O-O Bh3 13. Ne4 Qg6 14. Rd1
Be7 15. f3 Bf5 16. Bf4 Bxe4 17. Qxe4 Qxe4 18. fxe4 O-O-O 19. h4 Rhf8 20. Rf1
Rfe8 21. e5 Kd7 22. Kg2 a5 23. Rad1 Ke6 24. b3 a4 25. Kf3 axb3 26. axb3 Bc5 27.
Ke4 Ra8 28. Ra1 Red8 29. h5 d3 30. Rxa8 dxe2 31. Re1 Rxa8 32. Rxe2 Ra1 33. Rd2
Be7 34. Rd3 1/2-1/2

[Event "AUTO-OPEN-607"]
[Site "http://www.queenalice.com/game.php?id=363768"]
[Date "2008.3.1"]
[Round "3"]
[White "CCapivara"]
[Black "benamocarra"]
[Result "0-1"]
[WhiteElo "2024"]
[BlackElo "2286"]

1. e4 d5 2. Nf3 dxe4 3. Ng5 Nf6 4. Nc3 Bf5 5. Qe2 Nc6 6. Qb5 Qd7 7. Bc4 e6 8.
O-O O-O-O 9. a4 a6 10. Qb3 h6 11. Nh3 Bxh3 12. gxh3 Nd4 13. Qa2 Nf3+ 14. Kh1 Qd6
0-1

[Event "AUTO-OPEN-607"]
[Site "http://www.queenalice.com/game.php?id=363769"]
[Date "2008.3.1"]
[Round "3"]
[White "benamocarra"]
[Black "CCapivara"]
[Result "1-0"]
[WhiteElo "2290"]
[BlackElo "2053"]

1. b3 e5 2. Bb2 d6 3. e3 g6 4. f4 Bg7 5. Nf3 Bg4 6. h3 Bxf3 7. Qxf3 c6 8. Nc3
exf4 9. O-O-O fxe3 10. Re1 Ne7 11. Qxe3 Nd7 12. g4 Nc5 13. Bg2 Ne6 14. Ne4 Nd5
15. Qg3 Bxb2+ 16. Kxb2 Ndf4 17. Qc3 Kd7 18. Rhf1 d5 19. Nc5+ Nxc5 20. Rxf4 Qf8
21. Ref1 Ke8 22. Rxf7 1-0

[Event "AUTO-OPEN-797"]
[Site "http://www.queenalice.com/game.php?id=391533"]
[Date "2008.4.22"]
[Round "3"]
[White "benamocarra"]
[Black "Brodthuhn"]
[Result "1/2-1/2"]
[WhiteElo "2304"]
[BlackElo "2427"]

1. f4 d5 2. e3 Nf6 3. b3 g6 4. Bb2 Bg7 5. Nf3 O-O 6. Be2 c5 7. O-O Nc6 8. Ne5
Qc7 9. Nxc6 Qxc6 10. Bf3 Be6 11. Be5 Rad8 12. Qe2 b5 13. d3 Qd7 14. Nd2 Ng4 15.
Bxg7 Kxg7 16. Qe1 h5 17. h3 Nf6 18. Qh4 Rh8 19. a4 c4 20. axb5 cxd3 21. c4 Rc8
22. Rfc1 Rhd8 23. Qf2 Rc7 24. Ra6 1/2-1/2

[Event "AUTO-OPEN-797"]
[Site "http://www.queenalice.com/game.php?id=391534"]
[Date "2008.4.22"]
[Round "3"]
[White "Brodthuhn"]
[Black "benamocarra"]
[Result "1/2-1/2"]
[WhiteElo "2425"]
[BlackElo "2308"]

1. e4 c6 2. d4 d5 3. exd5 cxd5 4. c4 Nf6 5. Nc3 e6 6. Nf3 Be7 7. cxd5 Nxd5 8.
Bd3 O-O 9. O-O Nc6 10. Re1 Nf6 11. a3 b6 12. Bg5 Bb7 13. Bc2 Rc8 14. Qd3 g6 15.
Rad1 Nd5 16. Bh6 Re8 17. Ba4 Bf6 18. Ne4 Bg7 19. Bxg7 Kxg7 20. Qd2 Qe7 21. Rc1
Red8 22. b4 h6 23. Bb5 Nf6 24. Nxf6 Qxf6 1/2-1/2

[Event "AUTO-OPEN-606"]
[Site "http://www.queenalice.com/game.php?id=392496"]
[Date "2008.4.24"]
[Round "3"]
[White "benamocarra"]
[Black "arq40"]
[Result "1-0"]
[WhiteElo "2303"]
[BlackElo "1878"]

1. e4 e5 2. f4 exf4 3. Bc4 Qh4+ 4. Kf1 d6 5. Nf3 Qd8 6. d4 Be7 7. Bxf4 Nf6 8.
Nc3 O-O 9. Kf2 Ng4+ 10. Kg1 c6 11. Qd3 Be6 12. h3 Bxc4 13. Qxc4 Nf6 14. Kh2 d5
15. exd5 Nxd5 16. Nxd5 Qxd5 17. Qxd5 cxd5 18. Rhe1 Bf6 19. Re2 Nc6 20. c3 Rfe8
21. Rae1 Rxe2 22. Rxe2 Kf8 23. Bd6+ Be7 24. Bxe7+ Nxe7 25. Ne5 Nc6 26. Nd7+ Kg8
27. Nc5 b6 28. Nd3 Kf8 29. g4 f6 30. Nf4 Re8 31. Rxe8+ Kxe8 32. Nxd5 Kd7 33. Kg3
Kd6 34. Nf4 g6 35. Kf3 Ne7 36. c4 Nc6 37. Ke4 Nb4 38. a3 Nc6 39. b4 Ne7 40. d5
f5+ 41. gxf5 gxf5+ 42. Kd4 Ng6 43. c5+ bxc5+ 44. bxc5+ Kd7 45. Nxg6 hxg6 46. h4
a6 47. Ke5 Ke7 48. c6 a5 49. d6+ Kd8 50. a4 Ke8 51. Kf4 Kf7 52. c7 1-0

[Event "AUTO-OPEN-606"]
[Site "http://www.queenalice.com/game.php?id=392497"]
[Date "2008.4.24"]
[Round "3"]
[White "arq40"]
[Black "benamocarra"]
[Result "0-1"]
[WhiteElo "1880"]
[BlackElo "2312"]

1. e4 d5 2. exd5 Nf6 3. c4 c6 4. dxc6 Nxc6 5. Nf3 e5 6. d4 e4 7. d5 exf3 8. dxc6
Qxd1+ 9. Kxd1 Ng4 10. Ke1 Bc5 11. h3 Nxf2 12. Rh2 O-O 13. gxf3 Re8+ 14. Be2 Nd3+
15. Kd2 Nxc1 16. Kxc1 Bf5 17. Nc3 Rad8 18. Ne4 Bxe4 19. fxe4 Rxe4 20. Kc2 bxc6
21. Bd3 Re3 22. Rd1 g6 23. h4 f5 24. h5 Rd4 25. hxg6 hxg6 26. Rg2 Kf7 27. a3 a5
28. Re2 Rdxd3 0-1